00810nam a22002297a 45000050016000000100014000160200026000300350013000560370013000690820010000821000022000922450040001142600041001542700093001953000024002885000050003126500026003626500016003889420024004049990017004289520135004452010080205575.0 aENG-97610 a9788184350951c675.00 aEN-81143 bDBAD/PUB a332.4 aNayudu, G S95013 aMonetary economics /cby G S Nayudu aNew DelhibAdhyayan Publishersc2008 a437/4B, 105, J.M.D. House, Murari Lal Street Ansari Road, Darya Ganj,bNew Delhie110002 av, 257p.c22cm (Hb) aIncludes bibliographical references and index aMonetary policy95014 aMoney95015 2ddccENh332.4mNAY c38526d38526 001040718NFICaDBADbDBADd2010-08-02eDBAD/PUBg675.00l0o332.4 NAYpEN-81143r2010-08-02 00:00:00t1v675.00w2010-08-02yEN